书目信息 |
| 题名: |
政府文化管理教程
|
|
| 作者: | 艾思同 , 李荣菊 主编 | |
| 分册: | ||
| 出版信息: | 北京 国家行政学院出版社 2013 |
|
| 页数: | 210页 | |
| 开本: | 24cm | |
| 丛书名: | ||
| 单 册: | ||
| 中图分类: | D630.1 | |
| 科图分类: | ||
| 主题词: | 国家行政机关--文化管理--中国--职业培训--教材 , 国家行政机关 , 文化管理 | |
| 电子资源: | ||
| ISBN: | 978-7-5150-0623-9 | |
| 000 | 01045nam0 2200277 450 | |
| 001 | 524 | |
| 005 | 20140905100536.34 | |
| 010 | @a978-7-5150-0623-9@dCNY25.60 | |
| 100 | @a20130514d2013 em y0chiy50 ea | |
| 101 | 0 | @achi |
| 102 | @aCN@b110000 | |
| 105 | @ay z 000yy | |
| 106 | @ar | |
| 200 | 1 | @a政府文化管理教程@AZheng Fu Wen Hua Guan Li Jiao Cheng@f艾思同,李荣菊主编@FAi Si Tong, Li Rong Ju Zhu Bian |
| 210 | @a北京@c国家行政学院出版社@d2013 | |
| 215 | @a210页@d24cm | |
| 300 | @a行政学院培训用书/周文彰总主编 | |
| 330 | @a本书首先界定政府文化管理“管什么”、“谁来管”、“怎么管”。在此框架下,重点论述公共文化管理和文化产业管理,以及媒体、文化遗产、文艺体育和旅游节庆等主要文化行业门类的现状、特点、范围、规律和管理途径与方法。 | |
| 606 | 0 | @a国家行政机关@x文化管理@y中国@x职业培训@j教材 |
| 606 | 0 | @a国家行政机关 |
| 606 | 0 | @a文化管理 |
| 690 | @aD630.1@v5 | |
| 701 | 0 | @a艾思同@AAi Si Tong@f(1956~)@4主编 |
| 701 | 0 | @a李荣菊@ALi Rong Ju@4主编 |
| 801 | 0 | @aCN@bTANGWEI@c20140603 |
| 905 | @b0838465-67@dD630.1@e196@f3 | |
| 政府文化管理教程/艾思同,李荣菊主编.-北京:国家行政学院出版社,2013 |
| 210页;24cm |
| 行政学院培训用书/周文彰总主编 |
| ISBN 978-7-5150-0623-9:CNY25.60 |
| 本书首先界定政府文化管理“管什么”、“谁来管”、“怎么管”。在此框架下,重点论述公共文化管理和文化产业管理,以及媒体、文化遗产、文艺体育和旅游节庆等主要文化行业门类的现状、特点、范围、规律和管理途径与方法。 |
| ● |
| 相关链接 |
|
|
|
|
正题名:政府文化管理教程
索取号:D630.1/196
 
预约/预借
| 序号 | 登录号 | 条形码 | 馆藏地/架位号 | 状态 | 备注 |
| 1 | 0838465 | 208384657 | 第一样本阅览室/ [索取号:D630.1/196] | 在馆 | |
| 2 | 0838466 | 208384666 | 密集书库-史法系/ [索取号:D630.1/196] | 在馆 | |
| 3 | 0838467 | 208384675 | 第一借阅区/ [索取号:D630.1/196] | 在馆 |